LEADER 02478nam 2200577 a 450 001 9910463412703321 005 20200520144314.0 010 $a1-118-53797-1 010 $a1-118-53796-3 035 $a(CKB)2670000000327564 035 $a(EBL)1120439 035 $a(OCoLC)827207830 035 $a(SSID)ssj0000833215 035 $a(PQKBManifestationID)12390736 035 $a(PQKBTitleCode)TC0000833215 035 $a(PQKBWorkID)10935346 035 $a(PQKB)10398642 035 $a(MiAaPQ)EBC1120439 035 $a(Au-PeEL)EBL1120439 035 $a(CaPaEBR)ebr10657683 035 $a(CaONFJC)MIL786000 035 $a(EXLCZ)992670000000327564 100 $a20120626d2013 uy 0 101 0 $aeng 135 $aurcn||||||||| 181 $ctxt 182 $cc 183 $acr 200 10$aFinancial management in construction contracting$b[electronic resource] /$fAndrew Ross, Peter Williams 210 $aHoboken, N.J. $cWiley-Blackwell$d2013 215 $a1 online resource (457 p.) 300 $aDescription based upon print version of record. 311 $a1-4051-2506-3 320 $aIncludes bibliographical references and index. 327 $aMachine generated contents note: Chapter 1 Introduction and Context. Chapter 2 Principles of Management Accounting. Chapter 3 Costs - Information and Reporting Chapter 4 Value. Chapter 5 Cost And Value Reconciliation. Chapter 6 'Softer Issues'. Chapter 7 CVR - Review of Current Practice. Chapter 8 Future Issues and New Direction. 330 $a"This textbook provides a general introduction to costing and budgeting for construction but in particular it covers CVRs. There is a wide range of approaches to preparing these reports and, without being over-prescriptive, the authors provide a useful framework for students by giving an outline of the key requirements, together with an evaluation of the alternatives"--$cProvided by publisher. 606 $aConstruction industry$xAccounting 606 $aConstruction industry$xFinance 608 $aElectronic books. 615 0$aConstruction industry$xAccounting. 615 0$aConstruction industry$xFinance. 676 $a624.068/1 700 $aRoss$b Andrew$f1960-$0858989 701 $aWilliams$b Peter$0410565 801 0$bMiAaPQ 801 1$bMiAaPQ 801 2$bMiAaPQ 906 $aBOOK 912 $a9910463412703321 996 $aFinancial management in construction contracting$91917176 997 $aUNINA LEADER 02154nam 2200565 450 001 9910811719303321 005 20240131202105.0 010 $a1-4438-6155-3 035 $a(CKB)3710000000129998 035 $a(EBL)1712183 035 $a(SSID)ssj0001305652 035 $a(PQKBManifestationID)11869501 035 $a(PQKBTitleCode)TC0001305652 035 $a(PQKBWorkID)11257011 035 $a(PQKB)10674750 035 $a(MiAaPQ)EBC1712183 035 $a(Au-PeEL)EBL1712183 035 $a(CaPaEBR)ebr10883260 035 $a(CaONFJC)MIL619597 035 $a(OCoLC)881571324 035 $a(OCoLC)959800370 035 $a(FINmELB)ELB148321 035 $a(EXLCZ)993710000000129998 100 $a20140625d2013 uy| 0 101 0 $aeng 135 $aur|n|---||||| 181 $ctxt 182 $cc 183 $acr 200 14$aThe gift of consciousness $ePatan?jali's Yoga Su?tras. (Book one, Sama?dhi Pa?da) /$fby Gitte Bechsgaard 210 1$aNewcastle upon Tyne, UK :$cCambridge Scholars Publishing,$d2013. 215 $a1 online resource (384 p.) 300 $aDescription based upon print version of record. 311 $a1-306-88346-6 311 $a1-4438-4762-3 320 $aIncludes bibliographical references and index. 330 $aMeticulously researched and compellingly written, The Gift of Consciousness is an engaging and approachable overview of Patan?jali's Yoga Sutras through the prism of both Eastern and Western psychology. Grounded in a thorough knowledge of the Sanskrit original and training in psychology, Gitte Bechsgaard opens out these complex texts to the general reading public. Bechsgaard's clear-eyed approach makes this ancient text relevant to anyone interested in Yoga philosophy and practice. This book, ... 606 $aPhilosophy, Indic 606 $aYoga 615 0$aPhilosophy, Indic. 615 0$aYoga. 676 $a294.5436 700 $aGitte$b Bechsgaard$01676619 801 0$bMiAaPQ 801 1$bMiAaPQ 801 2$bMiAaPQ 906 $aBOOK 912 $a9910811719303321 996 $aThe gift of consciousness$94042929 997 $aUNINA